Crowdfunding ako inovatívny spôsob financovania inovačných projektov na Slovensku a v Čechách

Nové inovatívne formy financovania projektov realizujúcich inovácie so zameraním na moderný novodobý fenomén v oblasti inovačných projektov – crowdfunding. Popis súčasnej formy financovania v podobe individuálnej formy financovania inovačných projektov ale aj ako kombinovanej formy financovania ino...

Ausführliche Beschreibung

Gespeichert in:
Bibliographische Detailangaben
1. Verfasser: Loučanová, Erika
Weitere Verfasser: Lacková, Patrícia
Format: Buchkapitel
Sprache:Slowakisch
Schlagworte:
Tags: Tag hinzufügen
Keine Tags, Fügen Sie das erste Tag hinzu!

MARC

LEADER 00000naa a2200000 4500
001 0251069
005 20220722094132.9
041 0 |a slo 
044 |a SK 
245 1 0 |a Crowdfunding ako inovatívny spôsob financovania inovačných projektov na Slovensku a v Čechách  |c Erika Loučanová, Patrícia Lacková 
520 |a Nové inovatívne formy financovania projektov realizujúcich inovácie so zameraním na moderný novodobý fenomén v oblasti inovačných projektov – crowdfunding. Popis súčasnej formy financovania v podobe individuálnej formy financovania inovačných projektov ale aj ako kombinovanej formy financovania inovatívnych projektov. Analýza konkrétnych inovačných projektov na vybranej crowdfundingovej platforme v priebehu roku 2017 a hodnotenie fungovania crowdfundingu na Slovensku a v Čechách. 
610 2 0 |a financovanie cudzie 
610 2 0 |a projekty 
610 2 0 |a financovanie projektové 
610 2 0 |a stratégia inovačná 
610 2 0 |a stratégia investičná 
610 2 0 |a podnik 
610 2 0 |a crowdfunding 
100 1 |a Loučanová, Erika 
700 1 |a Lacková, Patrícia